| 000 | 01007nam a2200205 a 4500 | ||
|---|---|---|---|
| 001 | 000011460 | ||
| 005 | 20240412074226.0 | ||
| 008 | 091019s2000 dr 000 d spa d | ||
| 020 | _a9993450030 | ||
| 040 |
_aDO-SdBNP _bspa _cBNPHU |
||
| 082 |
_aRD862.44 _bP925t |
||
| 245 | 0 | 0 | _aPremios de teatro 1999 /. |
| 260 |
_aSanto Domingo : _bGrupo León Jiménez _bEditora Taller, _c2000. |
||
| 300 |
_a401 p. ; _c20 cm. |
||
| 505 | 0 | _aEl Barbero de Saint Ann Street / Frank Disla, pseudónimo: Vasco de Quiroja -- Un nuevo sol nacerá cuando todo termine / Efraín Castillo, pseudónimo: Amberson Pérez -- Desayuno en rojo chino / Lenin Comprés, pseudónimo: Xor -- Chinchorro / Gyana Elizabeth Tejada, pseudónimo: "Rosita X" -- La danza del crepúsculo / Angelo Valenzuela, pseudónimo: Un tipo raro -- La mercancía / Aquiles Julián, pseudónimo: Maigret. | |
| 650 | 4 |
_aTeatro dominicano _xColecciones _921852 |
|
| 650 | 0 |
_aLiteratura dominicana. _967 |
|
| 710 | 1 |
_aCasa de Teatro _927143 |
|
| 049 | _aBNPD | ||
| 999 |
_c11161 _d11161 |
||